Objective-c for iPhone developers: (Record no. 150489)

MARC details
000 -LEADER
fixed length control field 00614nam a22001937a 4500
005 - DATE AND TIME OF LATEST TRANSACTION
control field 20180322140042.0
010 ## - LCCN (DPL NO)
LC control number ENG-122370
020 ## - INTERNATIONAL STANDARD BOOK NUMBER
Terms of availability 450.00
International Standard Book Number 100071076821
035 ## - SYSTEM CONTROL NUMBER
System control number EN-105902
037 ## - SOURCE OF ACQUISITION
Source of stock number/acquisition DBAD/PUB
082 ## - DEWEY DECIMAL CLASSIFICATION NUMBER
Classification number 005.117
100 ## - MAIN ENTRY--PERSONAL NAME
Personal name Brannan, James A
245 ## - TITLE STATEMENT
Title Objective-c for iPhone developers:
Statement of responsibility, etc by James A Brannan
Remainder of title A beginner's guide /
260 ## - PUBLICATION, DISTRIBUTION, ETC. (IMPRINT)
Place of publication, distribution, etc New Delhi
Name of publisher, distributor, etc Tata McGraw Hill Education Private Limited
Date of publication, distribution, etc 2010
270 ## - ADDRESS
Address 7, West Patel Nagar
City New Delhi
Postal code 110008
300 ## - PHYSICAL DESCRIPTION
Extent 365p.
Dimensions 25cm.(pbk)
Other physical details ill.
500 ## - GENERAL NOTE
General note Including index
942 ## - ADDED ENTRY ELEMENTS (KOHA)
Source of classification or shelving scheme Dewey Decimal Classification
Item type English Books
Call number suffix BRA
Classification part 005.117
Holdings
Withdrawn status Lost status Not for loan Collection code Home library Current library Date acquired Source of acquisition Cost, normal purchase price Full call number Barcode Copy number Cost, replacement price Koha item type
    Not For Loan Non-fiction D.B.Act.Division Bawana 22/03/2018 DBAD/PUB 450.00 005.117 BRA EN-105902 1 450.00 English Books

© Delhi Public Library
Hit Counter
free hit counter